000 00805cam a22002054a 4500
005 20250605164248.0
008 250528s ||||||||||||||||||||||||d
035 _a21611
020 _a9789602100141
040 _aGR-AtMCL
_bgre
_dGR-AtMCL
_eAACR2
245 1 _aΜΑΘΗΣΗ ΚΑΙ ΚΟΙΝΩΝΙΑ / Η ΕΚΠΑΙΔΕΥΣΗ ΣΤΙΣ ΘΕΩΡΙΕΣ ΤΗΣ ΓΝΩΣΤΙΚΗΣ ΑΝΑΠΤΥΞΗΣ
250 _a3
260 _bΟδυσσέας,
_c2005
300 _a319
520 _aΜΟΝΤΕΛΑ ΔΙΔΑΣΚΑΛΙΑΣ ΓΝΩΣΤΙΚΗ ΑΝΑΠΤΥΞΗ ΚΟΙΝΩΝΙΚΗ ΨΥΧΟΓΕΝΕΣΗ VYGOTSKI WALLON BRUNER ΨΥΧΟΠΑΙΔΑΓΩΓΙΚΗ ΠΡΟΣΕΓΓΙΣΗ PIAGET CHOMSKY
700 1 _aΠαπαμιχαηλ Γιαννης
_97569
942 _cBK
999 _c6672
_d6672